[Event "XXI Festival Conca della Presolana A"]
[Site "Bratto - Castione della Presolana ITA"]
[Date "2001.08.26"]
[Round "5"]
[White "Zichichi, Alvise"]
[Black "Astengo, Corrado"]
[Result "1/2-1/2"]
[WhiteElo "2293"]
[BlackElo "2103"]
[PlyCount "97"]
[EventDate "2001.08.22"]

1.d4 d5 2.e3 Nf6 3.Bd3 e6 4.Nd2 c5 5.c3 Nc6 6.f4 Bd6 7.Nh3 a6 8.O-O O-O 9.
Qf3 Bd7 10.Nf2 cxd4 11.exd4 Qc7 12.g3 Ne8 13.f5 Nf6 14.Ng4 Nxg4 15.Qxg4 e5
16.Qh4 f6 17.Nb3 e4 18.Be2 Ne7 19.Bg4 Qc8 20.Qh3 b6 21.Be3 a5 22.a3 Ra7 
23.Rf2 g6 24.fxg6 hxg6 25.Bxd7 Qxd7 26.g4 Rf7 27.Qg2 Ra8 28.Raf1 Qe6 29.
Nd2 b5 30.h3 a4 31.Re1 Rh7 32.Bf4 Bxf4 33.Rxf4 g5 34.Rf2 Ng6 35.Re3 Nf4 
36.Qf1 Kg7 37.Rxf4 gxf4 38.Qxf4 Rah8 39.Kg2 Rf8 40.Nf1 Rhh8 41.Ng3 Kf7 42.
Nf5 Kg6 43.Rg3 Qd7 44.Ne3 Rd8 45.g5 f5 46.Ng4 Qe6 47.Ne5+ Kg7 48.g6 Rh5 
49.Nf7 1/2-1/2

[Event "XXI Festival Conca della Presolana A"]
[Site "Bratto - Castione della Presolana ITA"]
[Date "2001.08.27"]
[Round "6"]
[White "Astengo, Marcello"]
[Black "Pantaleoni, Claudio"]
[Result "0-1"]
[WhiteElo "2005"]
[BlackElo "2205"]
[PlyCount "51"]
[EventDate "2001.08.22"]

1.d4 e6 2.Nf3 c5 3.c3 Nf6 4.Bf4 b6 5.e3 Bb7 6.Bd3 Nc6 7.Nbd2 cxd4 8.exd4 
Ne7 9.O-O Ng6 10.Be5 Nxe5 11.Nxe5 Be7 12.Qe2 O-O 13.Rae1 g6 14.f4 Re8 15.
Ndf3 Nh5 16.Ng5 f5 17.g4 Nxf4 18.Rxf4 Bxg5 19.Rff1 Bh4 20.Bc4 Bxe1 21.Qxe1
Be4 22.Qe3 d5 23.Bb5 Rf8 24.Qh6 fxg4 25.Nd7 Rxf1+ 26.Kxf1 0-1

[Event "XXI Festival Conca della Presolana A"]
[Site "Bratto - Castione della Presolana ITA"]
[Date "2001.08.27"]
[Round "6"]
[White "Battaggia, Piergiorgio"]
[Black "Galli, Fabio"]
[Result "1/2-1/2"]
[WhiteElo "2114"]
[BlackElo "2079"]
[PlyCount "28"]
[EventDate "2001.08.22"]

1.d4 d6 2.c4 e5 3.Nf3 Nc6 4.Nc3 Nf6 5.d5 Nb8 6.e4 Be7 7.Bd3 Nbd7 8.h3 Nc5 
9.Bc2 a5 10.Be3 Nfd7 11.O-O O-O 12.Nb5 b6 13.b3 Nf6 14.Nd2 Ne8 1/2-1/2

[Event "XXI Festival Conca della Presolana A"]
[Site "Bratto - Castione della Presolana ITA"]
[Date "2001.08.27"]
[Round "6"]
[White "Belotti, Bruno"]
[Black "Komarov, Dimitri"]
[Result "1/2-1/2"]
[WhiteElo "2405"]
[BlackElo "2525"]
[PlyCount "20"]
[EventDate "2001.08.22"]

1.c4 Nf6 2.Nc3 e5 3.Nf3 Nc6 4.d3 d5 5.cxd5 Nxd5 6.e3 Be7 7.Be2 O-O 8.O-O 
Kh8 9.a3 a5 10.Qc2 f5 1/2-1/2

[Event "XXI Festival Conca della Presolana A"]
[Site "Bratto - Castione della Presolana ITA"]
[Date "2001.08.27"]
[Round "6"]
[White "Bresciani, Nicola"]
[Black "Ausmins, Elmar"]
[Result "0-1"]
[WhiteElo "2278"]
[BlackElo "2345"]
[PlyCount "98"]
[EventDate "2001.08.22"]

1.e4 c5 2.Nf3 d6 3.d4 cxd4 4.Nxd4 Nf6 5.Nc3 Nc6 6.Be2 e5 7.Nf3 h6 8.O-O 
Be6 9.Re1 Be7 10.h3 a6 11.Bf1 O-O 12.a4 Rc8 13.Nd5 Nd7 14.c3 Na5 15.Be3 f5
16.exf5 Rxf5 17.Bd3 Rf8 18.Be4 Nc4 19.Bc1 Nc5 20.Nxe7+ Qxe7 21.Bd5 Bxd5 
22.Qxd5+ Qf7 23.Rd1 Qxd5 24.Rxd5 Nb3 25.Rb1 Nxc1 26.Rxc1 Nxb2 27.Rxd6 Nxa4
28.Rb1 Rc7 29.c4 Nc3 30.Rb3 Ne4 31.Rdb6 Rxc4 32.Rb1 Nc3 33.Re1 e4 34.Rxb7 
Rf5 35.Nd2 Ra4 36.f3 exf3 37.Nxf3 Nd5 38.Re8+ Kh7 39.Rbb8 Nf6 40.Re7 Re4 
41.Ra7 Rb5 42.Rba8 Rb2 43.Rxa6 Ree2 44.Nh4 Nh5 45.Rf8 Rb4 46.g4 Nf4 47.
Rxf4 Rxf4 48.Ra3 Rb4 49.Rg3 Rb1# 0-1

[Event "XXI Festival Conca della Presolana A"]
[Site "Bratto - Castione della Presolana ITA"]
[Date "2001.08.27"]
[Round "6"]
[White "Capata, Ion"]
[Black "Bertazzo, Giorgio"]
[Result "1-0"]
[WhiteElo "1948"]
[BlackElo "2150"]
[PlyCount "151"]
[EventDate "2001.08.22"]

1.e4 c5 2.c3 d5 3.exd5 Qxd5 4.d4 Nf6 5.Nf3 Bg4 6.Be2 e6 7.h3 Bh5 8.O-O Nc6
9.Be3 cxd4 10.cxd4 Be7 11.Nc3 Qd6 12.Nb5 Qd8 13.Ne5 Bxe2 14.Qxe2 Nb4 15.
Nc3 O-O 16.Rfd1 Nbd5 17.Bg5 Qa5 18.Qf3 Qb4 19.Rab1 Rad8 20.Ng4 Nxg4 21.
Bxe7 Qxe7 22.Qxg4 Qb4 23.Qh4 Nxc3 24.bxc3 Qxc3 25.Rxb7 Qc2 26.Rbb1 Qa4 27.
Qg4 Rd5 28.Rd2 Rfd8 29.Rb7 a5 30.Qf4 Qe8 31.Rbb2 Qd7 32.Qf3 e5 33.Rb3 exd4
34.Rdb2 d3 35.Rd2 h6 36.Kh2 Qc7+ 37.g3 Qd7 38.Kg2 a4 39.Ra3 Qb5 40.Qe4 Rd4
41.Qf3 Qc4 42.Qf5 R8d5 43.Qf3 g6 44.Qe3 Kg7 45.Qf3 h5 46.Qd1 Qb4 47.Qc1 
Qb7 48.Kh2 Kh7 49.Rc3 Rd7 50.Qa3 Qf3 51.Qf8 Rd8 52.Qe7 h4 53.Rc7 Kg8 54.
Rc4 hxg3+ 55.fxg3 R4d7 56.Qg5 Re8 57.Qf4 Re2+ 58.Rxe2 Qxe2+ 59.Kg1 d2 60.
Qb8+ Kh7 61.Rh4+ Qh5 62.Rxh5+ gxh5 63.Qb1+ Kg7 64.Qd1 f5 65.a3 Rd4 66.Kf2 
Kf6 67.Ke3 Ke5 68.h4 Rd5 69.Kf2 Kf6 70.Ke2 Ke5 71.Qa1+ Ke4 72.Kd1 Rd3 73.
Qb1 Ke3 74.Qb4 Rd4 75.Qc5 Ke4 76.Qe7+ 1-0

[Event "XXI Festival Conca della Presolana A"]
[Site "Bratto - Castione della Presolana ITA"]
[Date "2001.08.27"]
[Round "6"]
[White "Capece, Adolivio"]
[Black "Caruso, Daniele"]
[Result "1/2-1/2"]
[WhiteElo "2073"]
[BlackElo "2104"]
[PlyCount "54"]
[EventDate "2001.08.22"]

1.c4 e5 2.Nc3 Nc6 3.g3 g6 4.Bg2 Bg7 5.d3 d6 6.Nf3 Nh6 7.Rb1 a5 8.a3 O-O 9.
O-O f6 10.d4 Nf7 11.d5 Ne7 12.e4 Bg4 13.h3 Bd7 14.Be3 f5 15.Qd2 fxe4 16.
Ng5 Qc8 17.Ncxe4 Nf5 18.Nxf7 Rxf7 19.Ng5 Nxe3 20.fxe3 Rxf1+ 21.Rxf1 h6 22.
Ne6 Kh7 23.Nxg7 Kxg7 24.Qf2 Qf8 25.Qxf8+ Rxf8 26.Rxf8 Kxf8 27.Kf2 Ke7 
1/2-1/2

[Event "XXI Festival Conca della Presolana A"]
[Site "Bratto - Castione della Presolana ITA"]
[Date "2001.08.27"]
[Round "6"]
[White "Cugini, Verter"]
[Black "Foisor, Cristina-Adela"]
[Result "0-1"]
[WhiteElo "2207"]
[BlackElo "2423"]
[PlyCount "50"]
[EventDate "2001.08.22"]

1.e4 d6 2.d4 Nf6 3.Nc3 g6 4.Bc4 c6 5.a4 Bg7 6.Nf3 O-O 7.O-O d5 8.Bd3 dxe4 
9.Nxe4 Nbd7 10.Ng3 c5 11.c3 b6 12.Bc4 Bb7 13.Re1 cxd4 14.cxd4 Rc8 15.b3 
Nd5 16.Ba3 N7f6 17.Ne5 Rc7 18.a5 b5 19.Bxb5 Nc3 20.Qd3 Qd5 21.Bc6 Bxc6 22.
Nxc6 Rxc6 23.Rxe7 Rb8 24.Rxa7 Nb5 25.Re7 Nxa3 0-1

[Event "XXI Festival Conca della Presolana A"]
[Site "Bratto - Castione della Presolana ITA"]
[Date "2001.08.27"]
[Round "6"]
[White "Dittmar, Peter"]
[Black "Ferrari, Nicola"]
[Result "1-0"]
[WhiteElo "2348"]
[BlackElo "2163"]
[PlyCount "75"]
[EventDate "2001.08.22"]

1.d4 Nf6 2.c4 g6 3.Nc3 d5 4.e3 Bg7 5.Qb3 c6 6.Nf3 O-O 7.Bd2 b6 8.Be2 Bb7 
9.O-O Ne4 10.Rfd1 e6 11.Be1 Nd7 12.cxd5 exd5 13.Rac1 Qe7 14.Qc2 f5 15.b4 
f4 16.exf4 Rxf4 17.Nxe4 Rxe4 18.Bd3 Rf4 19.Qe2 Qd6 20.Bd2 Rff8 21.Re1 Rae8
22.Qxe8 Rxe8 23.Rxe8+ Nf8 24.Rce1 c5 25.Ng5 c4 26.Ne6 Bc6 27.Nxg7 Bxe8 28.
Nxe8 Qd8 29.Bc2 Kf7 30.Bf4 g5 31.Nd6+ Kg7 32.Be5+ Kg8 33.Bf5 c3 34.Rc1 Qc7
35.g4 a6 36.Kg2 Nd7 37.Ne8 Qb7 38.Bxd7 1-0

[Event "XXI Festival Conca della Presolana A"]
[Site "Bratto - Castione della Presolana ITA"]
[Date "2001.08.27"]
[Round "6"]
[White "Epishin, Vladimir V."]
[Black "Borgo, Giulio"]
[Result "1-0"]
[WhiteElo "2583"]
[BlackElo "2428"]
[PlyCount "79"]
[EventDate "2001.08.22"]

1.d4 Nf6 2.c4 e6 3.Nc3 d5 4.Nf3 Nbd7 5.cxd5 exd5 6.Bf4 c6 7.Qc2 Bb4 8.e3 
Nh5 9.Bg5 Be7 10.Bxe7 Qxe7 11.h3 Nb6 12.g4 Nf6 13.Bd3 Be6 14.O-O-O O-O-O 
15.Kb1 Kb8 16.Ka1 Ne8 17.Ne2 h5 18.g5 Nd6 19.Nf4 Bc8 20.Rc1 h4 21.Rhg1 
Rde8 22.Nd2 Nd7 23.Qb3 Ka8 24.Rc3 Nb6 25.Qc2 Qd8 26.a4 Bd7 27.Ra3 Nbc8 28.
b4 Ne7 29.Rb1 Qb8 30.b5 Rc8 31.b6 Bf5 32.Bxf5 Ndxf5 33.Nd3 axb6 34.Rxb6 
Qa7 35.a5 Nd6 36.Qc5 Nb5 37.Qxe7 Rhe8 38.Qc5 Nxa3 39.Qxa3 Kb8 40.Nc5 1-0

[Event "XXI Festival Conca della Presolana A"]
[Site "Bratto - Castione della Presolana ITA"]
[Date "2001.08.27"]
[Round "6"]
[White "Eskola, Risto"]
[Black "Zichichi, Alvise"]
[Result "1/2-1/2"]
[WhiteElo "2148"]
[BlackElo "2293"]
[PlyCount "98"]
[EventDate "2001.08.22"]

1.e4 c5 2.Nc3 Nc6 3.g3 g6 4.Bg2 Bg7 5.d3 d6 6.f4 e5 7.Nf3 Nge7 8.O-O Bg4 
9.h3 Bxf3 10.Qxf3 f6 11.f5 Nd4 12.Qd1 Qd7 13.Ne2 Ndc6 14.a3 gxf5 15.Nc3 h5
16.exf5 Nxf5 17.Nd5 O-O-O 18.h4 Nfe7 19.Nxf6 Bxf6 20.Kh2 Nf5 21.Rxf5 Qg7 
22.Bxc6 bxc6 23.Qf3 e4 24.Qxe4 Be5 25.Qxc6+ Kb8 26.Bg5 Rdf8 27.Raf1 Rxf5 
28.Rxf5 Rf8 29.Qf3 Rxf5 30.Qxf5 Kc7 31.c3 a6 32.Qf3 Qg6 33.Qe4 Qf7 34.Kg2 
Qb3 35.Qe2 Kd7 36.Bf4 Bxf4 37.gxf4 Qg8+ 38.Kh3 Qg6 39.Qf3 Qf5+ 40.Kg3 d5 
41.Kg2 Kc7 42.Qh3 Qf7 43.f5 c4 44.dxc4 dxc4 45.Qg3+ Kb7 46.Qf3+ Kb6 47.Qe4
Ka5 48.Qc6 Qg7+ 49.Kf2 Qg1+ 1/2-1/2

[Event "XXI Festival Conca della Presolana A"]
[Site "Bratto - Castione della Presolana ITA"]
[Date "2001.08.27"]
[Round "6"]
[White "Farina, Saverio"]
[Black "Radice, Luca"]
[Result "1-0"]
[WhiteElo "2126"]
[BlackElo "2042"]
[PlyCount "45"]
[EventDate "2001.08.22"]

1.c4 Nf6 2.Nc3 g6 3.e4 d6 4.d4 Bg7 5.Nge2 O-O 6.Ng3 c5 7.d5 e6 8.Be2 exd5 
9.exd5 Re8 10.O-O Bf5 11.Nxf5 gxf5 12.Bg5 Qd7 13.Qd2 Ne4 14.Nxe4 fxe4 15.
Qf4 Be5 16.Qh4 Na6 17.Rae1 Bxb2 18.Rb1 Bd4 19.Rb3 Qf5 20.Bg4 Qe5 21.Rh3 
Nb4 22.Qxh7+ Kf8 23.Rh5 1-0

[Event "XXI Festival Conca della Presolana A"]
[Site "Bratto - Castione della Presolana ITA"]
[Date "2001.08.27"]
[Round "6"]
[White "Foisor, Ovidiu-Doru"]
[Black "Di Fonzo, Valerio"]
[Result "1-0"]
[WhiteElo "2400"]
[BlackElo "2223"]
[PlyCount "69"]
[EventDate "2001.08.22"]

1.Nf3 Nf6 2.g3 g6 3.b3 Bg7 4.Bb2 O-O 5.Bg2 d5 6.c4 c6 7.O-O a5 8.d3 Na6 9.
Nbd2 a4 10.Qc1 axb3 11.axb3 Bd7 12.Bc3 Qc8 13.Re1 Bh3 14.Bh1 h6 15.Qb2 Qf5
16.b4 Nc7 17.Ra5 b6 18.Raa1 b5 19.Be5 Qd7 20.Nd4 Ne6 21.cxb5 cxb5 22.N2b3 
Nxd4 23.Qxd4 Qg4 24.Ra5 Qxd4 25.Bxd4 Rxa5 26.bxa5 Be6 27.Rc1 Nd7 28.Rc7 
Ra8 29.f4 Ra6 30.Bxg7 Kxg7 31.Rb7 Bg4 32.Kf2 f6 33.Rxb5 Be6 34.Bf3 Bf7 35.
Rb7 1-0

[Event "XXI Festival Conca della Presolana A"]
[Site "Bratto - Castione della Presolana ITA"]
[Date "2001.08.27"]
[Round "6"]
[White "Giretti Kanev, Jasen"]
[Black "Vancini, Edoardo"]
[Result "1/2-1/2"]
[WhiteElo "2178"]
[BlackElo "2358"]
[PlyCount "105"]
[EventDate "2001.08.22"]

1.e4 c5 2.Nf3 e6 3.d3 Nc6 4.g3 g6 5.Bg2 Bg7 6.O-O Nge7 7.Re1 d6 8.Nbd2 O-O
9.Nf1 h6 10.c3 e5 11.h4 Be6 12.Be3 f5 13.Qd2 Kh7 14.Bg5 Qd7 15.Bxe7 Nxe7 
16.b3 f4 17.d4 exd4 18.cxd4 fxg3 19.fxg3 Rxf3 20.Bxf3 Bxd4+ 21.Ne3 Rf8 22.
Bg2 Bxa1 23.Rxa1 Nc6 24.Nc2 Ne5 25.Rf1 Rxf1+ 26.Kxf1 Bh3 27.Ne3 Qf7+ 28.
Kg1 Bxg2 29.Qxg2 Nf3+ 30.Kh1 Qf6 31.Qf2 Kg7 32.Nf5+ gxf5 33.Qxf3 fxe4 34.
Qg4+ Kf7 35.Qd7+ Qe7 36.Qf5+ Kg7 37.Qg4+ Kh8 38.Qc8+ Kg7 39.Qg4+ Kf8 40.
Qc8+ Kf7 41.Qf5+ Kg8 42.Qg6+ Kf8 43.Qf5+ Qf7 44.Qxe4 d5 45.Qe3 d4 46.Qxh6+
Ke7 47.Qg5+ Kd6 48.Kg2 b5 49.h5 Qe7 50.Qf4+ Ke6 51.b4 cxb4 52.Qe4+ Kf7 53.
Qxd4 1/2-1/2

[Event "XXI Festival Conca della Presolana A"]
[Site "Bratto - Castione della Presolana ITA"]
[Date "2001.08.27"]
[Round "6"]
[White "Godena, Michele"]
[Black "Friedrich, Norbert"]
[Result "1-0"]
[WhiteElo "2491"]
[BlackElo "2275"]
[PlyCount "75"]
[EventDate "2001.08.22"]

1.e4 c5 2.Nf3 e6 3.c3 Nf6 4.e5 Nd5 5.d4 cxd4 6.cxd4 d6 7.Bc4 Nb6 8.Bd3 Bd7
9.Nc3 Bc6 10.O-O N8d7 11.Qe2 Be7 12.Rd1 a6 13.Bf4 Bxf3 14.Qxf3 d5 15.Rac1 
Nb8 16.Qg4 Kf8 17.Ne2 Nc6 18.Ng3 g6 19.Bh6+ Ke8 20.Qh3 Rg8 21.Ne2 Kd7 22.
Qf3 Qe8 23.g3 Rc8 24.Kg2 Rc7 25.b3 Ba3 26.Rc2 Nb4 27.Rxc7+ Kxc7 28.Bb1 Kb8
29.Nf4 Nc6 30.Nh3 Be7 31.Ng5 Nd8 32.Nxh7 Rh8 33.Nf6 Bxf6 34.exf6 Nc6 35.
Bg7 Rg8 36.Bxg6 Qd7 37.Bb1 Nc8 38.h4 1-0

[Event "XXI Festival Conca della Presolana A"]
[Site "Bratto - Castione della Presolana ITA"]
[Date "2001.08.27"]
[Round "6"]
[White "Griffa, Roberto"]
[Black "Everet, Alexandro"]
[Result "1/2-1/2"]
[WhiteElo "2082"]
[BlackElo "2308"]
[PlyCount "185"]
[EventDate "2001.08.22"]

1.d4 g6 2.c4 Bg7 3.Nc3 c5 4.d5 b6 5.e4 e5 6.Nge2 d6 7.Ng3 Ne7 8.Be2 f5 9.
exf5 Bxf5 10.Bg5 O-O 11.Qd2 Na6 12.Nge4 Qd7 13.g4 Bxe4 14.Nxe4 Nc7 15.h4 
Rf7 16.h5 gxh5 17.Bxe7 Qxe7 18.Rxh5 Rf4 19.f3 Raf8 20.O-O-O Ne8 21.g5 Qf7 
22.Rdh1 Rxf3 23.Bxf3 Qxf3 24.Qc2 Qe3+ 25.Nd2 Rf2 26.R5h3 Qxg5 27.Qxh7+ Kf8
28.Rd1 Nf6 29.Qh4 Qg2 30.Rg3 Qh2 31.Qxh2 Rxh2 32.Rf1 Kf7 33.Ne4 Bh6+ 34.
Kb1 Bf4 35.Nxd6+ Ke7 36.Nf5+ Kf8 37.Rgf3 Ne4 38.Rxf4 exf4 39.Rxf4 Nd2+ 40.
Kc1 Ke8 41.Ng3 Rg2 42.Nf5 Rh2 43.Nd6+ Kd7 44.Nb5 a6 45.Nc3 Kc7 46.Kd1 Kd6 
47.Ne2 Nxc4 48.Rxc4 Kxd5 49.Ra4 a5 50.Nc3+ Kc6 51.Ne2 Kb5 52.b3 Ka6 53.Rg4
Rh1+ 54.Kd2 Rh6 55.Rg5 Rc6 56.Nc3 c4 57.bxc4 Rxc4 58.Kd3 Rh4 59.a4 Rh3+ 
60.Kc4 Rh4+ 61.Kb3 Rb4+ 62.Kc2 Rh4 63.Rg7 Rh6 64.Nb5 Rh2+ 65.Kd3 Rd2+ 66.
Kc4 Rc2+ 67.Nc3 Rb2 68.Rg6 Rb4+ 69.Kd5 Rb3 70.Rg3 Ra3 71.Re3 Ra1 72.Re2 
Rh1 73.Rb2 Rh5+ 74.Kc4 Rh4+ 75.Kb3 Rb4+ 76.Ka3 Rc4 77.Nd5 Rc6 78.Rb5 Rh6 
79.Rb3 Rd6 80.Nc7+ Kb7 81.Nb5 Rd1 82.Nc3 Rd3 83.Ne4 Rd5 84.Nf2 Ka6 85.Nd3 
Rh5 86.Nf4 Rh1 87.Nd5 Ra1+ 88.Kb2 Rxa4 89.Rxb6+ Ka7 90.Rb5 Ka6 91.Rb6+ Ka7
92.Rb5 Ka6 93.Rb6+ 1/2-1/2

[Event "XXI Festival Conca della Presolana A"]
[Site "Bratto - Castione della Presolana ITA"]
[Date "2001.08.27"]
[Round "6"]
[White "Jablon, Stephen"]
[Black "Ricci, Alfredo"]
[Result "1-0"]
[WhiteElo "1844"]
[BlackElo "2088"]
[PlyCount "91"]
[EventDate "2001.08.22"]

1.d4 c5 2.d5 Nf6 3.Bg5 Ne4 4.Bf4 Qb6 5.Bc1 d6 6.f3 Nf6 7.e4 g6 8.Nc3 a6 9.
Nge2 Bg7 10.Be3 Qxb2 11.Rb1 Qa3 12.Qd2 h6 13.Rb3 Qa5 14.Nf4 Nbd7 15.Be2 b5
16.a3 Ne5 17.O-O g5 18.Nh3 Nc4 19.Bxc4 bxc4 20.Rbb1 Nh5 21.Ne2 Qxd2 22.
Bxd2 O-O 23.g4 Be5 24.Nf2 Ng7 25.h4 f6 26.h5 e6 27.f4 gxf4 28.Nxf4 exd5 
29.Ng6 Rf7 30.exd5 Bb7 31.Nxe5 fxe5 32.Ne4 Bxd5 33.Nf6+ Rxf6 34.Rxf6 Ne8 
35.Rf2 Kg7 36.Rb6 Ra7 37.Rb8 Nf6 38.Bxh6+ Kxh6 39.Rxf6+ Kg5 40.Rg6+ Kf4 
41.Rxd6 Bf3 42.Rf6+ Kg3 43.Rbf8 e4 44.R6f7 Rxf7 45.Rxf7 Bxg4 46.Rg7 1-0

[Event "XXI Festival Conca della Presolana A"]
[Site "Bratto - Castione della Presolana ITA"]
[Date "2001.08.27"]
[Round "6"]
[White "Koskinen, Henri"]
[Black "Agnelli, Francesco"]
[Result "1-0"]
[WhiteElo "2321"]
[BlackElo "2132"]
[PlyCount "83"]
[EventDate "2001.08.22"]

1.d4 Nf6 2.Nf3 g6 3.g3 Bg7 4.Bg2 d6 5.O-O O-O 6.c4 Nc6 7.Nc3 a6 8.Re1 Rb8 
9.Rb1 b5 10.cxb5 axb5 11.b4 Bd7 12.e4 e5 13.dxe5 dxe5 14.Be3 Bg4 15.Qc1 
Bxf3 16.Bxf3 Nd4 17.Bg2 Ng4 18.Bg5 Bf6 19.Bd2 Bg7 20.h3 Nf6 21.Be3 c6 22.
Ne2 Rc8 23.Rb2 Nd7 24.Rd1 Nb6 25.Bxd4 exd4 26.Rbd2 Nc4 27.Rd3 Qb6 28.Nxd4 
Ra8 29.a3 Ne5 30.Rb3 Rfd8 31.Nc2 Rxd1+ 32.Qxd1 Rd8 33.Qe1 Rd6 34.Qe3 Qd8 
35.Kh2 h5 36.Ne1 h4 37.g4 Nc4 38.Qe2 Be5+ 39.Kg1 Rd2 40.Rd3 Bd4 41.Rxd2 
Nxd2 42.Qxd2 1-0

[Event "XXI Festival Conca della Presolana A"]
[Site "Bratto - Castione della Presolana ITA"]
[Date "2001.08.27"]
[Round "6"]
[White "Lalic, Bogdan"]
[Black "Arlandi, Ennio"]
[Result "1/2-1/2"]
[WhiteElo "2528"]
[BlackElo "2449"]
[PlyCount "84"]
[EventDate "2001.08.22"]

1.Nf3 d5 2.d4 Nf6 3.c4 e6 4.Nc3 Be7 5.Qc2 O-O 6.cxd5 exd5 7.Bg5 c6 8.e3 
Ne4 9.Bf4 f5 10.Bd3 Be6 11.O-O Nd7 12.Ne5 Nxe5 13.Bxe5 Bd6 14.Ne2 Qe7 15.
Rac1 Rac8 16.f3 Ng5 17.Bxd6 Qxd6 18.Qc5 Qxc5 19.dxc5 Bd7 20.f4 Ne6 21.Nd4 
g6 22.Kf2 Rc7 23.b4 b6 24.a3 Ra8 25.Rfd1 Kf7 26.Ba6 Bc8 27.Be2 Nxd4 28.
exd4 b5 29.a4 a6 30.Ra1 Raa7 31.Rd2 Re7 32.Bd3 Kf6 33.Rda2 Rac7 34.axb5 
axb5 35.Ra8 Re8 36.Rb8 Bd7 37.Rb6 Kf7 38.h4 h5 39.Rba6 Re7 40.Ra7 Rxa7 41.
Rxa7 Be8 42.Rxe7+ Kxe7 1/2-1/2

[Event "XXI Festival Conca della Presolana A"]
[Site "Bratto - Castione della Presolana ITA"]
[Date "2001.08.27"]
[Round "6"]
[White "Lanzani, Mario"]
[Black "Preiss, Martin"]
[Result "1/2-1/2"]
[WhiteElo "2380"]
[BlackElo "2262"]
[PlyCount "96"]
[EventDate "2001.08.22"]

1.e4 d6 2.d4 Nf6 3.f3 e5 4.d5 c6 5.c4 Be7 6.Be3 O-O 7.Nc3 Na6 8.Nge2 Ne8 
9.Qd2 Qa5 10.Nc1 f5 11.Nb3 Qd8 12.O-O-O f4 13.Bf2 c5 14.Be2 Nac7 15.g3 b6 
16.Kb1 Bg5 17.h4 Bh6 18.g4 g5 19.Nc1 Rf7 20.Nd3 Bf8 21.hxg5 Qxg5 22.Ne1 
Be7 23.Ng2 Qg7 24.Bh4 Bf8 25.Rh2 Bd7 26.Rdh1 a6 27.Be1 Be7 28.a4 Rb8 29.
Nh4 Bxh4 30.Rxh4 b5 31.axb5 axb5 32.cxb5 Nxb5 33.Bxb5 Bxb5 34.Nxb5 Rxb5 
35.Qh2 Rbb7 36.Rh5 Rf6 37.Rf5 Rg6 38.Qh4 Qd7 39.Rg5 Rxg5 40.Qxg5+ Ng7 41.
Qh6 Qb5 42.Qxh7+ Kf7 43.Qh2 Qd3+ 44.Qc2 Qxf3 45.Rh6 Qf1 46.Qf2 Qd3+ 47.Qc2
Qf1 48.Qf2 Qd3+ 1/2-1/2

[Event "XXI Festival Conca della Presolana A"]
[Site "Bratto - Castione della Presolana ITA"]
[Date "2001.08.27"]
[Round "6"]
[White "Lapiccirella, Daniele"]
[Black "Cavatorta, Fosco"]
[Result "0-1"]
[WhiteElo "2098"]
[BlackElo "2025"]
[PlyCount "74"]
[EventDate "2001.08.22"]

1.d4 Nc6 2.c4 e5 3.d5 Nce7 4.e4 Ng6 5.Nc3 Bb4 6.Be3 Nf6 7.f3 Bxc3+ 8.bxc3 
d6 9.c5 O-O 10.Bd3 Nh5 11.Qd2 Nhf4 12.Bc2 Qg5 13.Kf1 Qe7 14.cxd6 cxd6 15.
g3 Nh5 16.Kg2 h6 17.Ne2 f5 18.exf5 Bxf5 19.Rhf1 e4 20.f4 Qd7 21.Rf2 Nf6 
22.Nd4 Bh3+ 23.Kg1 Rae8 24.Bb3 Ng4 25.Re2 Ne7 26.Ne6 Rf7 27.Bxa7 Nf6 28.
Rae1 Bg4 29.Rxe4 Nxe4 30.Rxe4 Rf5 31.c4 Ng6 32.Bd4 Nf8 33.c5 Bf3 34.Nxf8 
Rfxf8 35.Rxe8 Rxe8 36.cxd6 Re2 37.Qd3 Qh3 0-1

[Event "XXI Festival Conca della Presolana A"]
[Site "Bratto - Castione della Presolana ITA"]
[Date "2001.08.27"]
[Round "6"]
[White "Lapiccirella, Mattia"]
[Black "Salami, Marco"]
[Result "1/2-1/2"]
[WhiteElo "2146"]
[BlackElo "2199"]
[PlyCount "49"]
[EventDate "2001.08.22"]

1.d4 f5 2.g3 Nf6 3.Bg2 g6 4.Nf3 Bg7 5.O-O O-O 6.b3 d6 7.Bb2 c6 8.Nbd2 Na6 
9.c4 Rb8 10.Qc2 Qe8 11.a3 Nc7 12.Rac1 Bd7 13.c5 Ncd5 14.b4 f4 15.Ng5 Bf5 
16.Qb3 Kh8 17.Nge4 Nxe4 18.Nxe4 Qd7 19.Nc3 Nxc3 20.Bxc3 fxg3 21.hxg3 d5 
22.Qb2 Qe6 23.Rce1 Bh3 24.e4 Bxg2 25.Kxg2 1/2-1/2

[Event "XXI Festival Conca della Presolana A"]
[Site "Bratto - Castione della Presolana ITA"]
[Date "2001.08.27"]
[Round "6"]
[White "Maksimovic, Suzana"]
[Black "Astengo, Corrado"]
[Result "1/2-1/2"]
[WhiteElo "2294"]
[BlackElo "2103"]
[PlyCount "58"]
[EventDate "2001.08.22"]

1.d4 d5 2.Nf3 Nf6 3.c4 c6 4.e3 e6 5.Nbd2 Nbd7 6.Bd3 Bd6 7.O-O O-O 8.h3 Re8
9.e4 dxe4 10.Nxe4 Nxe4 11.Bxe4 h6 12.b3 Nf6 13.Bc2 b6 14.Bb2 Bb7 15.Qe2 c5
16.Rad1 Qe7 17.Ne5 Rad8 18.dxc5 Bxc5 19.Ng4 Nxg4 20.Qxg4 Qg5 21.Qxg5 hxg5 
22.a3 a5 23.Bc1 f6 24.Bg6 Rf8 25.Rfe1 e5 26.Bc2 Kf7 27.Rxd8 Rxd8 28.Rd1 
Rxd1+ 29.Bxd1 Be4 1/2-1/2

[Event "XXI Festival Conca della Presolana A"]
[Site "Bratto - Castione della Presolana ITA"]
[Date "2001.08.27"]
[Round "6"]
[White "Mascheroni, Maurizio"]
[Black "Sbarra, Marco"]
[Result "0-1"]
[WhiteElo "2054"]
[BlackElo "2305"]
[PlyCount "60"]
[EventDate "2001.08.22"]

1.e4 c5 2.f4 d5 3.exd5 Qxd5 4.Nf3 Nc6 5.Nc3 Qd8 6.Be2 g6 7.d3 Bg7 8.O-O 
Nf6 9.Kh1 O-O 10.Ne4 b6 11.c3 Bb7 12.Qc2 Qc7 13.Nxf6+ Bxf6 14.Be3 Rfd8 15.
Ng5 e6 16.Ne4 Bg7 17.Rad1 Rd7 18.Rd2 Rad8 19.Rfd1 Ne7 20.Bf3 Nd5 21.Re2 
Nxe3 22.Rxe3 Qxf4 23.Qf2 Ba6 24.g3 Qf5 25.Qe2 Bh6 26.Bg4 Qe5 27.Rf1 Bxe3 
28.Nf6+ Kg7 29.Nxd7 Rxd7 30.Re1 Rxd3 0-1

[Event "XXI Festival Conca della Presolana A"]
[Site "Bratto - Castione della Presolana ITA"]
[Date "2001.08.27"]
[Round "6"]
[White "Mieli, Marcello"]
[Black "Paoli, Enrico"]
[Result "1/2-1/2"]
[WhiteElo "2058"]
[BlackElo "2021"]
[PlyCount "67"]
[EventDate "2001.08.22"]

1.Nf3 Nf6 2.g3 g6 3.b4 Bg7 4.Bb2 d6 5.Bg2 O-O 6.O-O c6 7.c4 a5 8.b5 Qb6 9.
a4 Be6 10.d3 c5 11.Nbd2 h6 12.e4 Nbd7 13.Ne1 Ne8 14.Bxg7 Nxg7 15.f4 f5 16.
Qe2 Rae8 17.Nef3 Kh7 18.Nb3 Qc7 19.Rfe1 b6 20.e5 dxe5 21.Nxe5 Nxe5 22.Qxe5
Qxe5 23.Rxe5 Rd8 24.Bf1 Rd6 25.Rae1 Rfd8 26.Kf2 Kg8 27.Nd2 Kf7 28.Nf3 Ne8 
29.R5e3 Nc7 30.Ne5+ Kf6 31.Nc6 R8d7 32.Ne5 Rd8 33.Nc6 R8d7 34.Ne5 1/2-1/2

[Event "XXI Festival Conca della Presolana A"]
[Site "Bratto - Castione della Presolana ITA"]
[Date "2001.08.27"]
[Round "6"]
[White "Piva, Giorgio"]
[Black "Nieus, Thierry"]
[Result "0-1"]
[WhiteElo "2133"]
[BlackElo "1914"]
[PlyCount "82"]
[EventDate "2001.08.22"]

1.d4 Nf6 2.Bg5 Ne4 3.Bf4 d5 4.e3 Bf5 5.f3 Nf6 6.g4 Bg6 7.h4 h6 8.Nc3 e6 9.
Bd3 Bxd3 10.Qxd3 c6 11.Nge2 b5 12.Ng3 Qa5 13.Kf2 Nbd7 14.g5 Ng8 15.a3 Ne7 
16.e4 Nb6 17.gxh6 gxh6 18.Be5 Rg8 19.Nh5 O-O-O 20.b4 Qa6 21.a4 Nc4 22.axb5
Qb6 23.Bf6 cxb5 24.exd5 exd5 25.Rhe1 Qd6 26.f4 a6 27.Nxb5 axb5 28.Ra7 Rd7 
29.Qh3 Nb6 30.Be5 Qe6 31.Qc3+ Qc6 32.Qh3 Qxc2+ 33.Re2 Qf5 34.Qc3+ Nc4 35.
Rxd7 Qxd7 36.Nf6 Qf5 37.Nxg8 Nxg8 38.Qf3 Ne7 39.Qg2 f6 40.Qg3 fxe5 41.dxe5
Ng6 0-1

[Event "XXI Festival Conca della Presolana A"]
[Site "Bratto - Castione della Presolana ITA"]
[Date "2001.08.27"]
[Round "6"]
[White "Podini, Francesco"]
[Black "Bozzali, Ermanno"]
[Result "1-0"]
[WhiteElo "2072"]
[BlackElo "2099"]
[PlyCount "113"]
[EventDate "2001.08.22"]

1.c4 c5 2.Nc3 Nc6 3.g3 g6 4.Bg2 Bg7 5.e4 d6 6.Nge2 e6 7.O-O Nge7 8.d3 O-O 
9.Be3 Nd4 10.Rb1 Nec6 11.Qd2 b6 12.Bh6 Bb7 13.Bxg7 Kxg7 14.Nxd4 cxd4 15.
Ne2 e5 16.b4 Bc8 17.h3 Bd7 18.f4 f6 19.Nc1 Qc7 20.Nb3 a5 21.a3 axb4 22.
axb4 Ra4 23.b5 Ne7 24.fxe5 dxe5 25.Rfc1 Rfa8 26.c5 Bxb5 27.cxb6 Qxb6 28.
Nc5 R4a5 29.Qb4 Qd6 30.Qb3 Ba4 31.Qc4 Rc8 32.Ne6+ Kh6 33.Qa2 Rca8 34.h4 
Bc2 35.Qxc2 Qxe6 36.Qd2+ Kg7 37.Qb4 Ra4 38.Qc5 R4a5 39.Qc7 R5a7 40.Rb7 
Rxb7 41.Qxb7 Rf8 42.Rc7 Rf7 43.Qa8 Qd6 44.Rc4 f5 45.exf5 gxf5 46.Qf3 Qh6 
47.Rc5 Qd6 48.Rb5 Qc7 49.Kh2 Ng8 50.Qh5 Qc1 51.Bd5 Rc7 52.Qxf5 Nf6 53.Qxe5
Rc2+ 54.Bg2 Rxg2+ 55.Kxg2 Qd2+ 56.Kh3 Qxd3 57.Qe7+ 1-0